| 000 | 00518nam a2200205Ia 4500 | ||
|---|---|---|---|
| 999 |
_c7352 _d7352 |
||
| 008 | 141014s9999||||xx |||||||||||||| ||und|| | ||
| 010 | _a7202 | ||
| 020 | _aSISBN | ||
| 040 | _aANE | ||
| 041 | _aEs | ||
| 082 | _a301.1 P446 | ||
| 100 | _aPeristiany, J.G | ||
| 245 |
_aEl concepto del honor en la sociedad mediterránea _cPeristiany, J.G |
||
| 250 | _aS/E | ||
| 260 |
_aBarcelona, España _c1968 _bLabor S. A |
||
| 300 |
_a242 p _c19 cm |
||
| 500 | _aÍndice | ||
| 650 | _aPsicología | ||
| 942 |
_cBK _2ddc _zNr. |
||